000
00319nam a22001337a 4500
008
170420b xxu||||| |||| 00| 0 eng d
020
_a
9781930808591
041
_a
eng
080
_a
573
100
_a
11
101
_a
SHM
245
_a
THE SANFORD GUIDE TO ANTIMICROBIAL THERAPY 2010
_c
GILBERT, D.N
942
_2
udc
_c
BK
999
_c
11359
_d
11359